1642 1286 1655 1440 1706 1602 1762 1391 1752 1980 1893 1619 1552 1704 1508 1331 1663 1321 1646 1307 1763 1621 1881 1887 1033 1517 1386 1795 1392 1803 1307 1050 1752 1287 1133 1749 1503 1420 1381 1016 1173 1341 1670 1497 1636 1961 1434 1913 1382 1584 1795 1411 1702 1681 1137 1498 1231 1870 1976 1962 1667 1554 1934 1287 1666 1831 1203 1758 1072 1989 1136 1520 1325 1267 1757 1912 1150 1525 1932 1399 1684 1058 1471 1794 1255 1753 1268 1759 1662 1895 1254 1842 1272 1488 1180 1802 1117 1752 1677 BCNSPRNW ULIB Ver.6.0+V

เปลี่ยนเป็นภาษาไทย

Change to English
 แสดงรายละเอียดบรรณานุกรม
  กลับหน้าหลัก

Brief Record : Get Marc (ISO 2709) : E-mail record : QR code < ปิดหน้าต่าง
LEADER : 00000nam 2200000uu 4500
001    13399127373
003     ULIB
008    200513s2016||||th 000 0 tha d
020    ^a9781492501626
060 10 ^aQT255^bE78
245 00 ^aEssentials of strength training and conditioning /^cNational Strength and Conditioning Association ; G.Gregory Haff, N. Travis Triplett, editors
250    ^a4th ed.
260    ^aChampaign, IL :^bHuman Kinetics,^c2016
300    ^axvi, 735 p. :^bill. ;^c29 cm.
504    ^aIncludes bibliographical references and index
505 0  ^a^gStructure and function of body systems / N. TravisTriplett -- Biomechanics of resistance exercise / JeffreyM. McBride -- Bioenergetics of exercise and training /Trent J. Herda and Joel T. Cramer -- Endocrine responsesto resistance exercise / William J. Kraemer, Jakob L.Vingren, and Barry A. Spiering -- Adaptations to anaerobictraining programs / Duncan French -- Adaptations toaerobic endurance training programs / Ann Swank and CarwynSharp -- Age-and sex-related differences and theirimplications for resistance exercise / Rhodri S. Lloyd andAvery D. Faigenbaum -- Psychology of athletic preparationand performance / Traci A. Statler and Andrea M. DuBois --Basic nutritional factors in health / Marie Spano --Nutritional strategies to maximize performance / MarieSpano -- Performance-enhancing substances and methods /Bill Campbell -- Principles of test selection andadministration / Michael McGuigan -- Administration,scoring, and interpretation of selected tests / MichaelMcGuigan -- Warm-up and flexibility training / IanJeffreys -- Free-weight and machine exercise technique /Scott Caulfield -- Alternative modes and nontraditionalimplement exercise technique / G. Gregory Haff, DougBerninger, and Scott Caulfield -- Resistance trainingprogram design / Jeremy M. Sheppard and N. Travis Triplett-- Plyometric training program design and technique /David H. Potach and Donald A. Chu -- Speed and agilityprogram design and technique / Brad H. DeWeese and SophiaNimphius -- Aerobic endurance program design and technique/ Benjamin H. Reuter and J. Jay Dawes -- Periodization /G. Gregory Haff -- Rehabilitation and reconditioning /David H. Potach and Terry L. Grindstaff -- Facility design,layout, and organization / Andrea Hudy -- Facilitypolicies, procedures, and legal issues / Traci Statler andVictor Brown
650  2 ^aPhysical Education and Training^xmethods
650  2 ^aAthletic Performance^xphysiology
650  2 ^aPhysical Conditioning, Human^xphysiology
650  2 ^aPhysical Fitness^xphysiology
650  2 ^aResistance Training^xmethods
700 1  ^aHaff, Greg,^eed.
700 1  ^aTriplett, N. Travis,^d1964- ,^eed.
710 2  ^aNational Strength & Conditioning Association (U.S.),^eissuing body
945    ^p4420^l0^i007045
999    ^aอังศุธร กาญจนาโรจน์พันธ์
รายการนี้ยังไม่มีแท็ก
คุณยังไม่ได้ล็อกอิน คุณสามารถมีกิจกรรมร่วมกับเว็บไซต์ได้ แต่ต้องล็อกอินก่อน ::
  ล็อกอิน

รายการสื่อสารสนเทศ

ลำดับที่ ประเภท เลขเรียก/บาร์โค้ด สถานที่ สถานะ
1. วิทยาศาสตร์การแพทย์ และสุขภาพ
หนังสือสำรอง
สถานะ=หนังสือสำรอง
QT255 E78 ฉ.1 
  Barcode: 007045
ห้องสมุดวิทยาเขตสวรรค์ประชารักษ์
►หนังสือทั่วไป
บนชั้น

BibComment


ยังไม่เคยถูกคอมเมนท์

คอมเมนท์ทรัพยากรรายการนี้
  คอมเมนท์: Essentials of st..


 Copyright 2026. Bcnsprnw @Library